Nutrient utilisation in growing cambodia cattle (Record no. 9200)
[ view plain ]
| 000 -LEADER | |
|---|---|
| fixed length control field | 00255nam a22001217a 4500 |
| 040 ## - CATALOGING SOURCE | |
| Transcribing agency | SK |
| 082 ## - DEWEY DECIMAL CLASSIFICATION NUMBER | |
| Classification number | 636 |
| 100 ## - MAIN ENTRY--AUTHOR NAME | |
| Personal name | KEO SATH |
| 245 ## - TITLE STATEMENT | |
| Title | Nutrient utilisation in growing cambodia cattle |
| 260 ## - PUBLICATION, DISTRIBUTION, ETC. (IMPRINT) | |
| Place of publication | SWEDEN |
| Name of publisher | KEO |
| Year of publication | 2012 |
| 300 ## - PHYSICAL DESCRIPTION | |
| Number of Pages | 14p. |
| 942 ## - ADDED ENTRY ELEMENTS (KOHA) | |
| Koha item type | សៀវភៅភាសាអង់គ្លេស |
| 952 ## - LOCATION AND ITEM INFORMATION (KOHA) | |
| Withdrawn status [LOCAL, KOHA] | 0 |
| Permanent Location | Date acquired | Koha item type | Lost status | Shelving location | Barcode | Current Location | Full call number |
|---|---|---|---|---|---|---|---|
| Library Block B | 2016-08-26 | សៀវភៅភាសាអង់គ្លេស | C252 | RUA062630 | Library Block B | 636 KEO 2012 C252 |